|
|
|
|
| LEADER |
00604nam a22002057a 4500 |
| 003 |
OSt |
| 005 |
20200624134608.0 |
| 008 |
160206b xxu||||| |||| 00| 0 mal d |
| 041 |
|
|
|a mal
|
| 041 |
|
|
|a mal
|
| 082 |
|
|
|a 853.4S3 KAI
|
| 100 |
|
|
|a Sethu
|
| 245 |
|
|
|a Kaiyoppum kaivazhikalum/
|c Sethu
|
| 260 |
|
|
|a Kottayam:
|b Current Books,
|c 1996
|
| 300 |
|
|
|a 100p.
|
| 546 |
|
|
|a In Malayalam
|
| 546 |
|
|
|a In Malayalam
|
| 942 |
|
|
|2 ddc
|c BK
|
| 999 |
|
|
|c 326753
|d 326753
|
| 952 |
|
|
|0 0
|1 0
|2 ddc
|4 0
|6 853_000000000000000_4S3_KAI
|7 0
|9 373290
|a CSC
|b CSC
|c ST1
|d 2016-02-06
|i 8651
|l 0
|o 853.4S3 KAI
|p CSC8651
|r 2016-02-06
|w 2016-02-06
|y BK
|